[Event "Marburg op-A"]
[Site "Marburg"]
[Date "2023.10.27"]
[Round "3"]
[White "Lukas, Anne"]
[Black "Blaschke, Henri Johannes"]
[Result "1-0"]
[WhiteElo "2029"]
[BlackElo "1873"]
[PlyCount "77"]
[EventDate "2023.10.26"]
[EventType "swiss"]
[EventRounds "7"]
[EventCountry "GER"]
[SourceTitle "CB49_2023"]
[SourceDate "2023.12.06"]
[SourceVersion "1"]
[SourceVersionDate "2023.12.06"]
[SourceQuality "1"]

1. Nf3 Nf6 2. g3 d5 3. Bg2 Bf5 4. 0-0 e6 5. d3 Be7 6. Nfd2 h6 7. e4 Bh7 8. Nc3 0-0 9. f4 c6 10. Kh1 a5 11. g4 a4 12. a3 Nbd7 13. Qf3 b5 14. Qg3 Nb6 15. e5 Nfd7 16. Nf3 b4 17. axb4 Bxb4 18. Nd4 Bc5 19. Nce2 Bxd4 20. Nxd4 c5 21. Nb5 c4 22. f5 cxd3 23. cxd3 Nc5 24. Ra3 Qd7 25. Nd4 Rac8 26. f6 Na6 27. fxg7 Rfe8 28. Bxh6 Nb4 29. Ne2 Rc2 30. Nf4 Qc7 31. Nh5 Nd7 32. Qf4 Bg6 33. Qxb4 Bxh5 34. gxh5 Qxe5 35. Qxa4 Rxg2 36. Kxg2 Rb8 37. Rb3 Rc8 38. Rf2 Nf6 39. Qf4 1-0

[Event "EU Universities Rapid"]
[Site "Lodz"]
[Date "2022.07.18"]
[Round "8.15"]
[White "Lukas, Anne"]
[Black "Grimm, Daniel"]
[Result "0-1"]
[WhiteElo "2038"]
[BlackElo "2300"]
[PlyCount "70"]
[EventDate "2022.07.16"]
[EventType "team-swiss (rapid)"]
[EventRounds "9"]
[EventCountry "POL"]
[SourceTitle "CBM 209 Extra"]
[Source "ChessBase"]
[SourceDate "2022.09.30"]
[SourceVersion "1"]
[SourceVersionDate "2022.09.30"]
[SourceQuality "1"]
[WhiteTeam "Rhein Main Applied Sciences"]
[BlackTeam "Eotvos Lorand Univ"]
[WhiteTeamCountry "GER"]
[BlackTeamCountry "HUN"]

1. Nf3 d5 2. g3 Nf6 3. Bg2 c6 4. d3 Bg4 5. 0-0 Nbd7 6. Nbd2 e6 7. e4 Be7 8. h3 Bh5 9. Qe1 0-0 10. e5 Ne8 11. d4 c5 12. c3 Rc8 13. Nh2 cxd4 14. cxd4 Qb6 15. Qe3 f6 16. exf6 Bxf6 17. Nb3 Kh8 18. g4 Bf7 19. g5 Bd8 20. Ng4 Nd6 21. Qg3 Nf5 22. Qd3 Bg6 23. Qd1 a5 24. Bd2 a4 25. Nc5 Nxc5 26. dxc5 Qb5 27. Qe1 Nd4 28. Ne5 Bf5 29. Qd1 Bc7 30. Nf3 Nxf3+ 31. Qxf3 Bd3 32. Qh5 Qxb2 33. Rfd1 Qe5 34. f4 Rxf4 35. Bxf4 Qd4+ 0-1

[Event "EU Universities Rapid"]
[Site "Lodz"]
[Date "2022.07.17"]
[Round "6.15"]
[White "Ribiere, Damien"]
[Black "Lukas, Anne"]
[Result "0-1"]
[WhiteElo "2108"]
[BlackElo "2038"]
[PlyCount "116"]
[EventDate "2022.07.16"]
[EventType "team-swiss (rapid)"]
[EventRounds "9"]
[EventCountry "POL"]
[SourceTitle "CBM 209 Extra"]
[Source "ChessBase"]
[SourceDate "2022.09.30"]
[SourceVersion "1"]
[SourceVersionDate "2022.09.30"]
[SourceQuality "1"]
[WhiteTeam "Swiss Inst of Technology"]
[BlackTeam "Rhein Main Applied Sciences"]
[WhiteTeamCountry "SUI"]
[BlackTeamCountry "GER"]

1. e4 c5 2. a3 g6 3. Nc3 Bg7 4. Bc4 Nc6 5. d3 e6 6. Ba2 Nge7 7. h4 h5 8. Bg5 d6 9. Qd2 b6 10. Nge2 Qd7 11. 0-0 Bb7 12. Rab1 0-0 13. Rbe1 Ne5 14. Ng3 Ng4 15. f3 Bd4+ 16. Kh1 Be5 17. Nge2 Nf6 18. f4 Bxc3 19. bxc3 Ng4 20. Ng3 Rae8 21. d4 Kh7 22. f5 exf5 23. exf5 gxf5 24. Nxh5 Ng6 25. Nf6+ Nxf6 26. Bxf6 f4 27. Rxe8 Rxe8 28. h5 Qh3+ 29. Kg1 Qxh5 30. d5 Re2 31. Qd3 Qg4 32. Qf3 Qxf3 33. Rxf3 Rxc2 34. Bc4 Rc1+ 35. Kh2 Bc8 36. Bd3 Ra1 37. Rxf4 Rxa3 38. Re4 Bf5 39. Re3 Bxd3 40. Rxd3 b5 41. Rh3+ Kg8 42. Re3 Nf4 43. Re8+ Kh7 44. Be7 Nxd5 45. Bxd6 Rxc3 46. Re5 Nf6 47. Re7 Kg6 48. g3 a5 49. Rc7 Ne4 50. Be5 Rc2+ 51. Kg1 a4 52. Ra7 f6 53. Bf4 Kf5 54. Ra5 Rb2 55. Kf1 c4 56. Ke1 c3 57. Kd1 Nf2+ 58. Kc1 Nd3+ 0-1

[Event "EU Universities Rapid"]
[Site "Lodz"]
[Date "2022.07.16"]
[Round "3.15"]
[White "Paraschiv, Paul Alexandru"]
[Black "Lukas, Anne"]
[Result "1-0"]
[WhiteElo "2181"]
[BlackElo "2038"]
[PlyCount "73"]
[EventDate "2022.07.16"]
[EventType "team-swiss (rapid)"]
[EventRounds "9"]
[EventCountry "POL"]
[SourceTitle "CBM 209 Extra"]
[Source "ChessBase"]
[SourceDate "2022.09.30"]
[SourceVersion "1"]
[SourceVersionDate "2022.09.30"]
[SourceQuality "1"]
[WhiteTeam "Timisoara Vest Univ"]
[BlackTeam "Rhein Main Applied Sciences"]
[WhiteTeamCountry "ROU"]
[BlackTeamCountry "GER"]

1. d4 Nf6 2. Bg5 c5 3. d5 Ne4 4. Bf4 Qb6 5. Nc3 Qxb2 6. Nxe4 Qb4+ 7. Qd2 Qxe4 8. f3 Qa4 9. e4 d6 10. Ne2 Bd7 11. Rb1 Qxa2 12. Nc3 Qa5 13. Rxb7 g6 14. Nb5 Qxd2+ 15. Bxd2 Na6 16. Nxa7 Nb4 17. c3 Nc2+ 18. Kd1 Na3 19. Bc1 Ba4+ 20. Ke1 Nc2+ 21. Kf2 Bg7 22. Bd2 0-0 23. Bd3 Rfb8 24. Rhb1 Rxb7 25. Rxb7 Bf6 26. Nc6 Kf8 27. g4 e6 28. g5 Bg7 29. Nb8 exd5 30. exd5 Na3 31. Bf4 c4 32. Be2 Be5 33. Bxe5 dxe5 34. d6 Ke8 35. f4 exf4 36. Bf3 Kf8 37. Bd5 1-0

[Event "GER-chT Federal Cup (Women)"]
[Site "Braunfels"]
[Date "2022.06.18"]
[Round "4.22"]
[White "Lukas, Anne"]
[Black "Grabowski, Petra1111"]
[Result "0-1"]
[WhiteElo "2040"]
[BlackElo "1635"]
[PlyCount "142"]
[EventDate "2022.06.15"]
[EventType "team-swiss"]
[EventRounds "5"]
[EventCountry "GER"]
[SourceTitle "EXT 2023"]
[Source "ChessBase"]
[SourceDate "2022.10.05"]
[SourceVersion "1"]
[SourceVersionDate "2022.10.05"]
[SourceQuality "1"]

1. Nf3 Nf6 2. g3 d5 3. Bg2 c5 4. 0-0 Bf5 5. c4 Nc6 6. cxd5 Nxd5 7. Nc3 Nc7 8. d3 e5 9. Be3 Qd7 10. Ng5 f6 11. Nge4 Nd4 12. f4 exf4 13. Bxf4 Nce6 14. Be3 Be7 15. Nd5 Bxe4 16. Bxe4 0-0 17. Rc1 Rac8 18. Nxe7+ Qxe7 19. Rf2 b6 20. Qf1 Ng5 21. Bxg5 fxg5 22. e3 Rxf2 23. Qxf2 Rf8 24. Qg2 Nf5 25. Qe2 g6 26. b3 Qe5 27. Rf1 Nd6 28. Rxf8+ Kxf8 29. Qf2+ Kg7 30. Bc6 Nf5 31. e4 Nd4 32. Bd5 Qf6 33. a3 Qxf2+ 34. Kxf2 a5 35. e5 Nc2 36. a4 Nb4 37. Be4 Nc2 38. h3 Nd4 39. Bd5 Nc2 40. Kf3 Nd4+ 41. Ke3 Nf5+ 42. Kf2 Kf8 43. g4 Nd4 44. Ke3 Ke7 45. Bc4 h5 46. Ke4 h4 47. Bd5 Ne2 48. Ke3 Nf4 49. Be4 Nxh3 50. Bxg6 Nf4 51. Bf5 h3 52. Kf2 h2 53. Be4 Nxd3+ 54. Kg2 Nxe5 55. Bf5 Nf3 56. Be4 Nd4 57. Kxh2 Nxb3 58. Kg3 Kd6 59. Kf2 Ke5 60. Ke3 c4 61. Bc2 Nc5 62. Bd1 Ne6 63. Bf3 Nd4 64. Bd1 b5 65. axb5 Nxb5 66. Kd2 Kd4 67. Kc2 a4 68. Kb2 c3+ 69. Ka2 Kd3 70. Bxa4 Nd4 71. Kb1 Kd2 0-1

[Event "BL2 Sued 2122 (Women)"]
[Site "Germany"]
[Date "2022.04.10"]
[Round "7.1"]
[White "Schmidt, Jessica"]
[Black "Lukas, Anne"]
[Result "1/2-1/2"]
[WhiteElo "2208"]
[BlackElo "2030"]
[PlyCount "29"]
[EventDate "2021.11.27"]
[EventType "team-tourn"]
[EventRounds "7"]
[EventCountry "GER"]
[SourceTitle "EXT 2023"]
[Source "ChessBase"]
[SourceDate "2022.10.05"]
[SourceVersion "1"]
[SourceVersionDate "2022.10.05"]
[SourceQuality "1"]
[WhiteTeam "Karlsruhe (W)"]
[BlackTeam "Gernsheim (W)"]
[WhiteTeamCountry "GER"]
[BlackTeamCountry "GER"]

1. d4 Nf6 2. c4 g6 3. Nc3 d5 4. Bg5 dxc4 5. e3 Bg7 6. Bxc4 0-0 7. Nf3 c5 8. dxc5 Qa5 9. 0-0 Qxc5 10. Qb3 Nc6 11. Rac1 Na5 12. Qb5 Qxc4 13. Qxa5 b6 14. Qe5 Be6 15. b3 1/2-1/2

[Event "Oberliga Ost-B 2122"]
[Site "Germany"]
[Date "2022.04.02"]
[Round "10.7"]
[White "Lukas, Anne"]
[Black "Chandler, Patrick"]
[Result "1/2-1/2"]
[WhiteElo "2033"]
[BlackElo "2151"]
[PlyCount "92"]
[EventDate "2021.10.10"]
[EventType "team-tourn"]
[EventRounds "11"]
[EventCountry "GER"]
[SourceTitle "EXT 2023"]
[Source "ChessBase"]
[SourceDate "2022.10.05"]
[SourceVersion "1"]
[SourceVersionDate "2022.10.05"]
[SourceQuality "1"]
[WhiteTeam "Gernsheim"]
[BlackTeam "Oberursel"]
[WhiteTeamCountry "GER"]
[BlackTeamCountry "GER"]

1. Nf3 d5 2. g3 Nf6 3. Bg2 c6 4. d4 Bf5 5. c4 e6 6. 0-0 Nbd7 7. Nc3 h6 8. cxd5 exd5 9. a3 a5 10. b3 Bd6 11. Nh4 Bh7 12. Re1 0-0 13. e4 dxe4 14. Nxe4 Nxe4 15. Bxe4 Bxe4 16. Rxe4 Nf6 17. Re1 Qd7 18. Qf3 Qg4 19. Qxg4 Nxg4 20. Nf5 Rfd8 21. h3 Nf6 22. Nxd6 Rxd6 23. Re7 Rd7 24. Rxd7 Nxd7 25. a4 Nf8 26. Bb2 Ne6 27. Rd1 Rd8 28. Kf1 Rd5 29. Ke2 f6 30. Ke3 Kf7 31. Rc1 f5 32. h4 g6 33. Rc4 Ke8 34. b4 Kd7 35. bxa5 Rxa5 36. Bc3 Ra7 37. a5 Nc7 38. Bd2 Nd5+ 39. Kf3 h5 40. Rc1 b5 41. axb6 Ra3+ 42. Be3 Rb3 43. Ra1 Rxb6 44. Ra7+ Ke6 45. Rg7 Kf6 46. Rd7 Ke6 1/2-1/2

[Event "BL2 Sued 2122 (Women)"]
[Site "Germany"]
[Date "2021.11.28"]
[Round "2.1"]
[White "Lukas, Anne"]
[Black "Imnadze, Nato"]
[Result "1/2-1/2"]
[WhiteElo "2030"]
[BlackElo "2251"]
[PlyCount "33"]
[EventDate "2021.11.27"]
[EventType "team-tourn"]
[EventRounds "7"]
[EventCountry "GER"]
[SourceTitle "EXT 2023"]
[Source "ChessBase"]
[SourceDate "2022.10.05"]
[SourceVersion "1"]
[SourceVersionDate "2022.10.05"]
[SourceQuality "1"]
[WhiteTeam "Gernsheim (W)"]
[BlackTeam "Forstenried (W)"]
[WhiteTeamCountry "GER"]
[BlackTeamCountry "GER"]

1. e4 c5 2. Nf3 d6 3. g3 Nc6 4. Bg2 g6 5. 0-0 Bg7 6. c3 Nf6 7. Re1 0-0 8. d4 cxd4 9. cxd4 d5 10. e5 Ne8 11. Nc3 Nc7 12. Be3 Bf5 13. Qd2 Qd7 14. Ne2 f6 15. exf6 exf6 16. h4 Rae8 17. Nf4 1/2-1/2

[Event "GER-chT Federal Cup (Women)"]
[Site "Braunfels"]
[Date "2021.10.24"]
[Round "5.10"]
[White "Lukas, Anne"]
[Black "Mehling, Katharina"]
[Result "1-0"]
[WhiteElo "2030"]
[BlackElo "2034"]
[PlyCount "71"]
[EventDate "2021.10.19"]
[EventType "team-tourn"]
[EventRounds "5"]
[EventCountry "GER"]
[SourceTitle "CBM 204 Extra"]
[Source "ChessBase"]
[SourceDate "2021.11.30"]
[SourceVersion "1"]
[SourceVersionDate "2021.11.30"]
[SourceQuality "1"]

1. Nf3 d5 2. g3 g6 3. Bg2 Bg7 4. d4 Nd7 5. 0-0 Ngf6 6. b3 0-0 7. Bb2 c5 8. c4 dxc4 9. bxc4 cxd4 10. Bxd4 Qc7 11. Na3 a6 12. Rb1 Ng4 13. e3 Nc5 14. h3 Ne5 15. Nxe5 Bxe5 16. Nc2 Rb8 17. Nb4 e6 18. Bxc5 Qxc5 19. Nd3 Qc7 20. Nxe5 Qxe5 21. Rb6 Qc7 22. Qb3 Rd8 23. Rb1 e5 24. Bd5 Rd6 25. Rxd6 Qxd6 26. Qb6 Qe7 27. c5 Bf5 28. Rc1 Be6 29. Bg2 f5 30. c6 Rc8 31. c7 e4 32. Bf1 Bd5 33. Bc4 Qf7 34. Rd1 Bxc4 35. Rd8+ Kg7 36. Rxc8 1-0

[Event "Oberliga Ost-B 2122"]
[Site "Germany"]
[Date "2021.10.10"]
[Round "1.7"]
[White "Lukas, Anne"]
[Black "Schaefer, Michael"]
[Result "0-1"]
[WhiteElo "2030"]
[BlackElo "2142"]
[PlyCount "56"]
[EventDate "2021.10.10"]
[EventType "team-tourn"]
[EventRounds "11"]
[EventCountry "GER"]
[SourceTitle "EXT 2023"]
[Source "ChessBase"]
[SourceDate "2022.10.05"]
[SourceVersion "1"]
[SourceVersionDate "2022.10.05"]
[SourceQuality "1"]
[WhiteTeam "Gernsheim"]
[BlackTeam "Moerlenbach Birkenau"]
[WhiteTeamCountry "GER"]
[BlackTeamCountry "GER"]

1. g3 c5 2. c4 g6 3. Bg2 Bg7 4. Nc3 Nf6 5. Nf3 0-0 6. 0-0 Nc6 7. d3 a6 8. a3 Rb8 9. Rb1 b5 10. cxb5 axb5 11. b4 cxb4 12. axb4 d5 13. Bf4 Rb6 14. Qc1 d4 15. Nxb5 Nd5 16. Bd2 Ba6 17. Na3 Ncxb4 18. Bxb4 Rxb4 19. Qc5 Rxb1 20. Nxb1 Nc3 21. Re1 Qb8 22. Nbd2 e5 23. Bh3 f5 24. Nc4 Rc8 25. Qe7 Re8 26. Qc5 e4 27. Nxd4 exd3 28. Nd2 Bxd4 0-1

[Event "GER-ch (Women)"]
[Site "Magdeburg"]
[Date "2021.07.31"]
[Round "9"]
[White "Lukas, Anne"]
[Black "Von Herman, Brigitte"]
[Result "1-0"]
[WhiteElo "1938"]
[BlackElo "1991"]
[PlyCount "83"]
[EventDate "2021.07.25"]
[EventType "swiss"]
[EventRounds "9"]
[EventCountry "GER"]
[SourceTitle "CBM 203 Extra"]
[Source "ChessBase"]
[SourceDate "2021.09.30"]
[SourceVersion "1"]
[SourceVersionDate "2021.09.30"]
[SourceQuality "1"]

1. g3 d5 2. Bg2 e5 3. d3 Nf6 4. c4 c6 5. cxd5 Nxd5 6. Nf3 Bd6 7. 0-0 0-0 8. Nc3 h6 9. Qb3 Bc7 10. Nd2 Nb6 11. Nde4 Be6 12. Qc2 N8d7 13. b4 Qe7 14. b5 c5 15. a4 Nd5 16. Nxd5 Bxd5 17. Ba3 Bxe4 18. Bxe4 Rab8 19. Rfd1 b6 20. Bc6 Rfd8 21. Qc4 Nf8 22. a5 Ne6 23. axb6 axb6 24. e3 Rd6 25. Bb2 Nf8 26. Ra7 Rf6 27. Qe4 Qd6 28. Rxc7 Qxc7 29. Bxe5 Qd8 30. Bxb8 Qxb8 31. d4 cxd4 32. Qxd4 Ne6 33. Qd2 Qe5 34. Qa2 g6 35. Qa1 Qf5 36. Qb2 Kg7 37. Rd5 Qg4 38. Rd6 Qf5 39. Bg2 Qc5 40. Rc6 Qe7 41. Rxb6 Qd7 42. Rc6 1-0

[Event "GER-ch (Women)"]
[Site "Magdeburg"]
[Date "2021.07.30"]
[Round "8"]
[White "Frey, Alisa"]
[Black "Lukas, Anne"]
[Result "1/2-1/2"]
[WhiteElo "2087"]
[BlackElo "1938"]
[PlyCount "98"]
[EventDate "2021.07.25"]
[EventType "swiss"]
[EventRounds "9"]
[EventCountry "GER"]
[SourceTitle "CBM 203 Extra"]
[Source "ChessBase"]
[SourceDate "2021.09.30"]
[SourceVersion "1"]
[SourceVersionDate "2021.09.30"]
[SourceQuality "1"]

1. e4 c5 2. Nf3 Nc6 3. Bb5 g6 4. 0-0 Bg7 5. c3 Nf6 6. Re1 0-0 7. h3 Qb6 8. Bc4 Na5 9. Bf1 d5 10. e5 Nd7 11. d4 cxd4 12. cxd4 e6 13. b3 f6 14. Ba3 Rf7 15. exf6 Bxf6 16. Nc3 Nf8 17. Ne5 Rg7 18. Qf3 Qd8 19. Ng4 Bg5 20. h4 Rf7 21. Qd3 Bf4 22. g3 h5 23. Ne5 Bxe5 24. Rxe5 Qf6 25. f4 Nc6 26. Bh3 Nxe5 27. dxe5 Qg7 28. Nb5 Kh7 29. Nd6 Bd7 30. Nxf7 Qxf7 31. Rc1 Bc6 32. Bd6 Nd7 33. b4 a6 34. Qd4 Qe8 35. Kh2 Rc8 36. Qf2 Nf8 37. Bxf8 Qxf8 38. Bxe6 Re8 39. Bh3 Rxe5 40. Qc2 Re4 41. Rf1 Qe7 42. Rf2 Re3 43. Qd2 Bb5 44. Qxd5 Rd3 45. Qe5 Qxe5 46. fxe5 Re3 47. e6 Bc6 48. a3 Kg7 49. Bg2 Rxe6 1/2-1/2

[Event "GER-ch (Women)"]
[Site "Magdeburg"]
[Date "2021.07.26"]
[Round "2"]
[White "Lukas, Anne"]
[Black "Halas, Julia"]
[Result "0-1"]
[WhiteElo "1938"]
[BlackElo "1996"]
[PlyCount "66"]
[EventDate "2021.07.25"]
[EventType "swiss"]
[EventRounds "9"]
[EventCountry "GER"]
[SourceTitle "CBM 203 Extra"]
[Source "ChessBase"]
[SourceDate "2021.09.30"]
[SourceVersion "1"]
[SourceVersionDate "2021.09.30"]
[SourceQuality "1"]

1. e4 e6 2. d3 d5 3. Nd2 Nf6 4. Ngf3 b6 5. g3 dxe4 6. dxe4 Bb7 7. Qe2 Na6 8. e5 Nd7 9. Bg2 Nb4 10. Nc4 a5 11. 0-0 Bc5 12. Bg5 Qc8 13. c3 Nd5 14. Rfe1 0-0 15. h4 h6 16. Bd2 Rd8 17. Nh2 b5 18. Bxh6 bxc4 19. Qg4 Bf8 20. h5 N5f6 21. exf6 Nxf6 22. Qh4 Bxg2 23. Kxg2 Qb7+ 24. Nf3 gxh6 25. Qxf6 Bg7 26. Qf4 Rd3 27. Re2 Rad8 28. Qe4 Qb5 29. Rh1 R8d5 30. Rh4 Rxh5 31. Qxc4 Qf5 32. Rxh5 Qxf3+ 33. Kf1 Qxh5 0-1

[Event "BL2 Sued 1920 (Women)"]
[Site "Germany"]
[Date "2020.02.16"]
[Round "7.1"]
[White "Lukas, Anne"]
[Black "Bardorz, Jana"]
[Result "1-0"]
[WhiteElo "1820"]
[BlackElo "2054"]
[PlyCount "141"]
[EventDate "2019.09.14"]
[EventType "team-tourn"]
[EventRounds "7"]
[EventCountry "GER"]
[SourceTitle "EXT 2021"]
[Source "ChessBase"]
[SourceDate "2020.10.23"]
[SourceVersion "1"]
[SourceVersionDate "2020.10.23"]
[SourceQuality "1"]
[WhiteTeam "Gernsheim (W)"]
[BlackTeam "Regensburg Bavaria (W)"]
[WhiteTeamCountry "GER"]
[BlackTeamCountry "GER"]

1. g3 e5 2. c4 Nc6 3. Bg2 f5 4. Nc3 Nf6 5. d3 Bb4 6. Bd2 d6 7. e3 Be6 8. Nd5 Bxd2+ 9. Qxd2 e4 10. Nxf6+ Qxf6 11. dxe4 fxe4 12. Bxe4 Ne5 13. Qd4 0-0 14. f4 Nxc4 15. Qxf6 Rxf6 16. Kf2 d5 17. Bc2 Re8 18. b3 Nd6 19. Nf3 c6 20. h3 h5 21. Rad1 Bd7 22. Ng5 Nf7 23. Nxf7 Kxf7 24. e4 Re7 25. exd5 cxd5 26. Rd4 Rfe6 27. Bd3 g6 28. Rd1 Re3 29. Bf1 Bc6 30. R1d2 R3e4 31. Rxe4 dxe4 32. Ke3 Kf6 33. Bc4 Bd7 34. Rd6+ Kg7 35. h4 Bf5 36. Bd5 b6 37. Rc6 Rd7 38. Bxe4 Re7 39. Rc4 Kf6 40. Kd3 Rd7+ 41. Kc3 Bxe4 42. Rxe4 Rd5 43. b4 a5 44. Kc4 Rd2 45. bxa5 bxa5 46. a3 Rc2+ 47. Kb3 Rc5 48. Re3 Kf5 49. Ka4 Kf6 50. Kb3 Rb5+ 51. Kc4 Rb1 52. Rb3 Rd1 53. Rb5 Rc1+ 54. Kb3 Rf1 55. Ka4 Rf3 56. Rb3 Rf1 57. Kxa5 Ke7 58. Rd3 Ra1 59. a4 Ke6 60. Kb5 Rb1+ 61. Ka6 Ra1 62. a5 Rb1 63. Re3+ Kf5 64. Re5+ Kf6 65. Ka7 Rb3 66. Rg5 Rb2 67. a6 Rb3 68. Ka8 Ra3 69. Kb7 Rb3+ 70. Kc6 Ra3 71. Kb6 1-0

[Event "BL2 Sued 1920 (Women)"]
[Site "Germany"]
[Date "2020.02.15"]
[Round "6.1"]
[White "Khrapko, Marharyta"]
[Black "Lukas, Anne"]
[Result "1/2-1/2"]
[WhiteElo "2060"]
[BlackElo "1820"]
[PlyCount "102"]
[EventDate "2019.09.14"]
[EventType "team-tourn"]
[EventRounds "7"]
[EventCountry "GER"]
[SourceTitle "EXT 2021"]
[Source "ChessBase"]
[SourceDate "2020.10.23"]
[SourceVersion "1"]
[SourceVersionDate "2020.10.23"]
[SourceQuality "1"]
[WhiteTeam "Bayern Muenchen (W)"]
[BlackTeam "Gernsheim (W)"]
[WhiteTeamCountry "GER"]
[BlackTeamCountry "GER"]

1. e4 d5 2. exd5 Nf6 3. Bb5+ Bd7 4. Be2 Nxd5 5. d4 g6 6. c4 Nb6 7. Nc3 c6 8. Qb3 Bc8 9. c5 Nd5 10. Bc4 Bg7 11. Nxd5 cxd5 12. Bxd5 0-0 13. Bxb7 Bxb7 14. Qxb7 Nd7 15. Ne2 e5 16. c6 Nb6 17. c7 Qd6 18. 0-0 exd4 19. Bf4 Qd5 20. Qa6 Rfe8 21. Nc1 Be5 22. Bxe5 Qxe5 23. Nb3 Qxc7 24. Nxd4 Qc5 25. Rad1 Rad8 26. Nb3 Qc2 27. Rc1 Qxb2 28. Qxa7 Nd5 29. Rb1 Qf6 30. Rbe1 Nc3 31. Rxe8+ Rxe8 32. Nc1 Qc6 33. Qd4 Ra8 34. Re1 Nxa2 35. Nd3 Nc3 36. h4 Nb5 37. Qe5 Qc4 38. Nf4 Qd4 39. h5 Qxe5 40. Rxe5 Nd6 41. Kh2 Kg7 42. f3 Ra4 43. Nh3 Nf5 44. Nf2 Kf6 45. Rc5 Rh4+ 46. Kg1 Ng3 47. Ng4+ Ke6 48. hxg6 hxg6 49. Rc6+ Ke7 50. Ne5 Rh5 51. Ng4 Rd5 1/2-1/2

[Event "BL2 Sued 1920 (Women)"]
[Site "Germany"]
[Date "2019.09.14"]
[Round "1.1"]
[White "Jussupow, Nadejda"]
[Black "Lukas, Anne"]
[Result "1/2-1/2"]
[WhiteElo "2168"]
[BlackElo "1820"]
[PlyCount "150"]
[EventDate "2019.09.14"]
[EventType "team-tourn"]
[EventRounds "7"]
[EventCountry "GER"]
[SourceTitle "EXT 2021"]
[Source "ChessBase"]
[SourceDate "2020.10.23"]
[SourceVersion "1"]
[SourceVersionDate "2020.10.23"]
[SourceQuality "1"]
[WhiteTeam "Augsburg (W)"]
[BlackTeam "Gernsheim (W)"]
[WhiteTeamCountry "GER"]
[BlackTeamCountry "GER"]

1. e4 c5 2. Nf3 g6 3. d3 Bg7 4. g3 Nc6 5. Bg2 e6 6. 0-0 Nge7 7. c3 0-0 8. Be3 d6 9. Na3 Rb8 10. d4 cxd4 11. cxd4 d5 12. e5 b5 13. Nc2 b4 14. Qc1 b3 15. axb3 Rxb3 16. Ra3 Qb6 17. Rxb3 Qxb3 18. Na1 Qb6 19. Qc3 Ba6 20. Rc1 Rb8 21. b3 Na5 22. Qc7 Nec6 23. Qxb6 Rxb6 24. Bd2 Bf8 25. Bf1 Bxf1 26. Kxf1 Ba3 27. Rc2 Bb4 28. Ke2 Bxd2 29. Kxd2 Nxb3+ 30. Nxb3 Rxb3 31. Rc3 Rb6 32. Ke3 a5 33. Ne1 a4 34. Nd3 Nb4 35. h4 Nxd3 36. Kxd3 h5 37. Rc8+ Kg7 38. Ra8 Rb3+ 39. Ke2 a3 40. Kd2 Rb2+ 41. Ke3 a2 42. Kf3 g5 43. hxg5 Kg6 44. Ke3 Kxg5 45. f3 Rg2 46. Ra7 f6 47. exf6 Kxf6 48. Ra6 Ke7 49. Kf4 Re2 50. Kg5 Rf2 51. f4 Rg2 52. Ra7+ Kd6 53. Kxh5 Rxg3 54. Rxa2 Ke7 55. Kh4 Rg1 56. Ra8 Rd1 57. Ra4 Kf6 58. Kg4 Rg1+ 59. Kf3 Rd1 60. Ke2 Rc1 61. Kd2 Rh1 62. Ra8 Rh6 63. Rf8+ Kg7 64. Rd8 Kg6 65. Rf8 Rh7 66. Ke3 Ra7 67. Kd3 Ra3+ 68. Ke2 Rb3 69. Kd2 Kg7 70. Re8 Kf7 71. Rh8 Rf3 72. Rh4 Kg6 73. Ke2 Ra3 74. Rh8 Kf5 75. Re8 Rb3 1/2-1/2

[Event "Vlissingen HZ op 23rd"]
[Site "Vlissingen"]
[Date "2019.08.10"]
[Round "9"]
[White "De Zwart, Johan"]
[Black "Lukas, Anne"]
[Result "1-0"]
[WhiteElo "1989"]
[BlackElo "1842"]
[PlyCount "75"]
[EventDate "2019.08.03"]
[EventType "swiss"]
[EventRounds "9"]
[EventCountry "NED"]
[SourceTitle "CBM 191 Extra"]
[Source "ChessBase"]
[SourceDate "2019.09.30"]
[SourceVersion "1"]
[SourceVersionDate "2019.09.30"]
[SourceQuality "1"]

1. e4 c5 2. Nf3 g6 3. c3 Bg7 4. d4 cxd4 5. cxd4 d5 6. e5 Nh6 7. h3 0-0 8. Be2 Nc6 9. 0-0 f6 10. exf6 Rxf6 11. Nc3 Rf8 12. g4 Bxg4 13. hxg4 Nxg4 14. Ng5 Nxf2 15. Qb3 e6 16. Kg2 Qd6 17. Nb5 Qe7 18. Rxf2 Rxf2+ 19. Kxf2 Rf8+ 20. Kg2 a6 21. Qh3 h6 22. Qxe6+ Qxe6 23. Nxe6 Re8 24. Nbc7 Re7 25. Bf3 Nxd4 26. Nxd4 Bxd4 27. Nxd5 Re1 28. Rb1 Rg1+ 29. Kh2 g5 30. Nc3 g4 31. Bd5+ Kh7 32. Be4+ Kg8 33. Bf4 Rxb1 34. Nxb1 Bxb2 35. Bxb7 a5 36. Bxh6 Kf7 37. Kg3 Ke6 38. Bd2 1-0

[Event "Vlissingen HZ op 22nd"]
[Site "Vlissingen"]
[Date "2018.08.07"]
[Round "5"]
[White "Lukas, Anne"]
[Black "Kalisvaart, Peter"]
[Result "1/2-1/2"]
[WhiteElo "1844"]
[BlackElo "2090"]
[PlyCount "67"]
[EventDate "2018.08.04"]
[EventType "swiss"]
[EventRounds "9"]
[EventCountry "NED"]
[SourceTitle "CBM 185 Extra"]
[Source "ChessBase"]
[SourceDate "2018.07.29"]
[SourceVersion "1"]
[SourceVersionDate "2018.07.29"]
[SourceQuality "1"]

1. d4 d5 2. c4 e6 3. Nc3 Nf6 4. Nf3 Be7 5. Bg5 0-0 6. e3 h6 7. Bh4 b6 8. cxd5 exd5 9. Bd3 Bb7 10. 0-0 c5 11. dxc5 bxc5 12. Qb3 Bc6 13. Ne5 c4 14. Nxc6 Nxc6 15. Qa4 cxd3 16. Qxc6 d4 17. exd4 Qxd4 18. Qa4 Qxa4 19. Nxa4 Rfd8 20. Rad1 Rac8 21. Bxf6 Bxf6 22. Rd2 Rc4 23. b3 Rc2 24. Rfd1 Bg5 25. f4 Rxd2 26. Rxd2 Bxf4 27. Rd1 Be5 28. g3 h5 29. Kg2 h4 30. Nc5 hxg3 31. hxg3 d2 32. Ne4 f5 33. Rxd2 Rxd2+ 34. Nxd2 1/2-1/2

[Event "GER-chT Federal Cup (Women)"]
[Site "Braunfels"]
[Date "2018.06.02"]
[Round "4.7"]
[White "Kail, Sindy"]
[Black "Lukas, Anne"]
[Result "1/2-1/2"]
[WhiteElo "1819"]
[BlackElo "1857"]
[PlyCount "49"]
[EventDate "2018.05.31"]
[EventType "team-swiss"]
[EventRounds "5"]
[EventCountry "GER"]
[SourceTitle "EXT 2020"]
[Source "ChessBase"]
[SourceDate "2019.10.17"]
[SourceVersion "1"]
[SourceVersionDate "2019.10.17"]
[SourceQuality "1"]
[WhiteTeam "Bayern (W)"]
[BlackTeam "Hessen (W)"]
[WhiteTeamCountry "GER"]
[BlackTeamCountry "GER"]

1. e4 c5 2. Nf3 g6 3. c4 Bg7 4. d4 cxd4 5. Nxd4 Nc6 6. Be3 Nf6 7. Nc3 0-0 8. Be2 Nxd4 9. Bxd4 d6 10. 0-0 Bd7 11. Qd2 Bc6 12. f3 a6 13. Rfd1 Nd7 14. Rac1 Rc8 15. Nd5 Bxd5 16. cxd5 Bxd4+ 17. Qxd4 Qb6 18. Qxb6 Nxb6 19. b3 Rxc1 20. Rxc1 Rc8 21. Rxc8+ Nxc8 22. Kf2 Kg7 23. Ke3 Kf6 24. f4 Nb6 25. Kd4 1/2-1/2